[Event "Moscow Open G Student w 2014"]
[Site "Moscow RUS"]
[Date "2014.02.09"]
[Round "9.2"]
[White "Arabidze, Meri"]
[Black "Tomnikova, Lidia"]
[Result "1-0"]
[WhiteTitle "WGM"]
[BlackTitle "WFM"]
[WhiteElo "2374"]
[BlackElo "2195"]
[WhiteFideId "13604040"]
[BlackFideId "4113110"]
[EventDate "2014.02.01"]

1. d4 Nf6 2. c4 e6 3. Nf3 b6 4. a3 Bb7 5. Nc3 Be7 6. d5 exd5 7. cxd5 d6 8. e4
O-O 9. Bd3 Nbd7 10. O-O c6 11. Re1 Ne5 12. Bf1 Rc8 13. h3 Re8 14. dxc6 Bxc6 15.
Nd4 Bb7 16. Nf5 Bf8 17. Bb5 Nc6 18. Bg5 h6 19. Bh4 a6 20. Bc4 g5 21. Bg3 Ne5 22.
Bd5 Nxd5 23. Nxd5 Rc5 24. b4 Rc4 25. f3 Bc8 26. Bf2 Bxf5 27. Bxb6 Qc8 28. Nf6+
Kh8 29. Nxe8 Bxh3 30. Nxd6 Qb8 31. Nxc4 Ng4 32. fxg4 Qg3 33. Qf3 1-0

[Event "Moscow Open G Student w 2014"]
[Site "Moscow RUS"]
[Date "2014.02.09"]
[Round "9.3"]
[White "Severina, Maria"]
[Black "Saulina, Varvara"]
[Result "1/2-1/2"]
[WhiteTitle "WIM"]
[BlackTitle "WFM"]
[WhiteElo "2210"]
[BlackElo "2227"]
[WhiteFideId "4116909"]
[BlackFideId "4194950"]
[EventDate "2014.02.01"]

1. d4 Nf6 2. Nf3 c5 3. d5 b5 4. a4 Bb7 5. d6 exd6 6. axb5 d5 7. e3 g6 8. b3 Bg7
9. Bb2 O-O 10. Be2 d6 11. O-O Nbd7 12. Ra2 Ne4 13. Bxg7 Kxg7 14. Qe1 Qf6 15.
Nfd2 Rfe8 16. Nxe4 dxe4 17. Nd2 d5 18. Qa1 d4 19. Nc4 Nb6 20. Na5 Re7 21. Rd1
Rd8 22. Bc4 Ba8 23. Nc6 Bxc6 24. bxc6 Nxc4 25. bxc4 Rc7 26. Ra6 h5 27. h3 g5 28.
Rb1 Rxc6 29. Rxc6 Qxc6 30. Qxa7 Rd7 31. Qb8 Qd6 32. Qe8 Re7 33. Qc8 Qc7 34. Rb8
Qxc8 35. Rxc8 Rd7 36. Kf1 dxe3 37. fxe3 Rd1+ 38. Ke2 Rg1 39. Kf2 Rc1 40. Rxc5
Rxc2+ 41. Kf1 f6 42. Rc8 g4 43. hxg4 hxg4 44. g3 Rc1+ 45. Kf2 Rc2+ 46. Kf1 Kf7
47. c5 Ke7 48. c6 Rc5 49. Ke2 f5 50. c7 Kd7 51. Rf8 Kxc7 52. Rf6 Kd7 53. Ra6
Rc2+ 54. Kf1 Rc6 55. Ra5 Ke6 56. Ke2 Rd6 57. Rb5 Rd5 58. Rb6+ Ke5 59. Rb8 Ra5
60. Rd8 Ra2+ 61. Kf1 Ke6 62. Rd4 Ra5 63. Rd8 Rd5 64. Ra8 Kd6 65. Ke2 Kc5 66.
Rc8+ Kb4 67. Rb8+ Kc4 68. Rc8+ Rc5 69. Rb8 Kc3 70. Rb7 Kc2 71. Rb8 Kc1 72. Rf8
Rc2+ 73. Ke1 Rc5 74. Ke2 Kc2 75. Rb8 Kc3 76. Rb7 Rc4 77. Rb8 Rc5 78. Rb7 Kc2 79.
Rb8 Kc1 80. Rf8 Rc2+ 81. Ke1 Rg2 82. Rxf5 Rxg3 83. Rc5+ Kb2 84. Re5 Rxe3+ 85.
Kf2 Rf3+ 86. Ke2 g3 87. Rxe4 Rf2+ 88. Ke3 Rf1 89. Rg4 Rg1 1/2-1/2

[Event "Moscow Open G Student w 2014"]
[Site "Moscow RUS"]
[Date "2014.02.09"]
[Round "9.4"]
[White "Muminova, Nafisa"]
[Black "Soloviova, Liza"]
[Result "1/2-1/2"]
[WhiteTitle "WGM"]
[BlackTitle "WGM"]
[WhiteElo "2301"]
[BlackElo "2308"]
[WhiteFideId "14201526"]
[BlackFideId "14117665"]
[EventDate "2014.02.01"]

1. e4 e5 2. Nf3 Nc6 3. Bb5 a6 4. Bxc6 dxc6 5. O-O Bg4 6. h3 Bxf3 7. Qxf3 Qf6 8.
d3 Qxf3 9. gxf3 Bd6 10. f4 exf4 11. e5 Bc5 12. Bxf4 Ne7 13. Nd2 O-O-O 14. Be3
Bd4 15. Bxd4 Rxd4 16. f4 Nf5 17. Ne4 h6 18. Rae1 b6 19. Kg2 Kd7 20. Ng3 Ke6 21.
Re2 c5 22. b3 Nxg3 23. Kxg3 Kf5 24. Rfe1 Re8 25. Re4 Re6 26. Kf3 g5 27. fxg5
hxg5 28. Rg4 Rh6 29. Rg3 Rd5 30. Kg2 Rh4 31. Rge3 Ke6 32. Rg3 Kf5 33. Rge3 Ke6
34. Rg3 1/2-1/2

[Event "Moscow Open G Student w 2014"]
[Site "Moscow RUS"]
[Date "2014.02.09"]
[Round "9.5"]
[White "Gvanceladze, Anna"]
[Black "Daulyte, Deimante"]
[Result "1-0"]
[WhiteTitle "WFM"]
[BlackTitle "WGM"]
[WhiteElo "2217"]
[BlackElo "2355"]
[WhiteFideId "4113721"]
[BlackFideId "12802859"]
[EventDate "2014.02.01"]

1. d4 Nf6 2. Nf3 g6 3. Bf4 Bg7 4. e3 O-O 5. Be2 d6 6. h3 c5 7. c3 b6 8. O-O Bb7
9. Nbd2 Nbd7 10. a4 a6 11. Qb1 Nh5 12. Bh2 e5 13. Rd1 Qe7 14. Nc4 Rad8 15. dxe5
dxe5 16. Nd6 Ba8 17. Rd2 e4 18. Ne1 Ne5 19. Qd1 Qg5 20. Kh1 a5 21. Qb3 Qf6 22.
Rad1 Qxf2 23. Bxh5 Qf1+ 24. Bg1 gxh5 25. Nd3 Nf3 26. Rf2 Qxd1 27. Qxd1 Rxd6 28.
gxf3 exd3 29. Bh2 Rd7 30. c4 Rfd8 31. Bf4 f5 32. Rd2 Bf6 33. Kh2 Kh8 34. Qb3
Bxf3 35. Qxb6 Kg7 36. Qxc5 Kg6 37. Be5 Bh4 38. Qb6+ Kf7 39. Bg3 Bf6 40. Qxa5 Be4
41. Be5 Bh4 42. Qb6 Rg8 43. Qh6 Rg6 44. Qxh7+ Ke6 45. Qxg6+ Kxe5 46. Qe8+ Kd6
47. Qxh5 Bf6 48. Qg6 Ke6 49. Qe8+ Re7 50. Qg8+ Rf7 51. Qc8+ Kd6 52. Qb8+ Ke6 53.
Qb6+ Ke7 54. Kg1 Be5 55. Kf2 Rg7 56. Kf1 Rg3 57. Qa7+ Ke6 58. Qb6+ Kf7 59. Qd8
Rxe3 60. Qd7+ Kf6 61. Qd8+ Kf7 62. Qh4 Rf3+ 63. Rf2 d2 64. Ke2 Rd3 65. Kd1 Rd4
66. Qh5+ Ke6 67. Rxd2 Rxd2+ 68. Kxd2 Bxb2 69. Qe8+ 1-0